Las clases sociales en la sociedad capitalista avanzada / (Record no. 44667)

MARC details
000 -LEADER
campo de control de longitud fija 00630nam a2200193 i 4500
001 - NÚMERO DE CONTROL
campo de control 44667
003 - IDENTIFICADOR DE NÚMERO DE CONTROL
campo de control ES-MaACL
005 - FECHA Y HORA DE LA ÚLTIMA TRANSACCIÓN
campo de control 20230906161056.0
007 - CAMPO FIJO DE DESCRIPCIÓN FÍSICA--INFORMACIÓN GENERAL
campo de control de longitud fija t|
008 - DATOS DE LONGITUD FIJA--INFORMACIÓN GENERAL
campo de control de longitud fija 030324s1971 sp ||||1| spa d
245 04 - MENCIÓN DEL TÍTULO
Título Las clases sociales en la sociedad capitalista avanzada /
Mención de responsabilidad, etc. Norman Birnbaum... [et al.] ; introducción de Jordi Borja ; [traducción de Marina Curia].
250 ## - MENCION DE EDICION
Mención de edición 1ª ed.
260 ## - PUBLICACIÓN, DISTRIBUCIÓN, ETC.
Lugar de publicación, distribución, etc. [Barcelona] :
Nombre del editor, distribuidor, etc. Península,
Fecha de publicación, distribución, etc. [1971]
300 ## - DESCRIPCIÓN FÍSICA
Extensión 214 p. ;
Dimensiones 19 cm.
700 1# - ENTRADA AGREGADA--NOMBRE PERSONAL
Nombre de persona Birnbaum, Norman.
9 (RLIN) 28982
700 1# - ENTRADA AGREGADA--NOMBRE PERSONAL
Nombre de persona Borja, Jordi.
9 (RLIN) 30496
700 1# - ENTRADA AGREGADA--NOMBRE PERSONAL
Nombre de persona Curia, Marina.
9 (RLIN) 42207
852 ## - LOCALIZACIÓN
Ubicación ES-MaACL
Número de control de estantería C-50169
Sublocalización o colección R.76372
Holdings
Estatus retirado Estado de pérdida Estado de daño No para préstamo Biblioteca de origen Biblioteca actual Ubicación en estantería Fecha de adquisición Fuente de adquisición Total de préstamos Signatura topográfica completa Código de barras Visto por última vez Precio de reemplazo Tipo de ítem Koha
        Biblioteca del Ateneo de Madrid Biblioteca del Ateneo de Madrid Depósito 2 17/01/2008     C-50169 1047010 23/02/2023 23/02/2023 Libro impreso